| 000 | 00440nam a22001457a 4500 | ||
|---|---|---|---|
| 020 | _qHB. | ||
| 040 | _cFIZZA ISHAQ | ||
| 082 |
_a973 _bBER |
||
| 100 |
_aBerkin , Carol . _9132205 |
||
| 245 |
_aMaking America: A History of the United States / _c Carol Berkin. |
||
| 250 | _a5TH ED. | ||
| 260 |
_aNEW YORK: _bHoughton Mifflin Company, _c1998. |
||
| 300 |
_aA-1 X I-53 Index Inc ill; 968 P. ; _c 9 x 1.75 x 10.5 inches |
||
| 942 |
_2ddc _cBK |
||
| 999 |
_c615465 _d615465 |
||